000 01118nam a2200229Ia 4500
001 9816
003 GE_BSU
008 181216s||||||||xx |||||||||||||| ||und||
040 _cGE_BSU
080 _a821.353.1+37.01(479.22)(09)+27-21
100 _aორბელიანი,სულხან–საბა
245 _aთხზულებანი 4 ტომად. ტ.3. სწავლანი თქმულებანი სულხან საბა ორბელიანის მიერ
245 _bსაქრისტიანი მოძღვრება
245 _cრედ. კეკელიძე კ. გამოსაც მოამზ.,გამოკვლ. შენიშვნ. და ლექსიკონი დაურთო ი. ლოლაშვილმა
260 _aთბილისი
260 _bსაბჭოთა საქართველო
260 _c1963
300 _a370გვ.22სმ.
653 _aთხზულებანი
653 _aსაქრისტიანი მოძღვრება
942 _cBK
999 _c43095
_d43095